On Police And Policing: (Record no. 186273)
[ view plain ]
| 000 -LEADER | |
|---|---|
| fixed length control field | 00612nam a22001817a 4500 |
| 005 - DATE AND TIME OF LATEST TRANSACTION | |
| control field | 20220221120130.0 |
| 010 ## - LCCN (DPL NO) | |
| LC control number | ENG-131706 |
| 020 ## - INTERNATIONAL STANDARD BOOK NUMBER | |
| International Standard Book Number | 9789390869213 |
| Terms of availability | 299.00 |
| 035 ## - SYSTEM CONTROL NUMBER | |
| System control number | EN-115238 |
| 037 ## - SOURCE OF ACQUISITION | |
| Source of stock number/acquisition | DBAD |
| 082 ## - DEWEY DECIMAL CLASSIFICATION NUMBER | |
| Classification number | 363.2 |
| 100 ## - MAIN ENTRY--PERSONAL NAME | |
| Personal name | Saraf, V.K. |
| 245 ## - TITLE STATEMENT | |
| Title | On Police And Policing: |
| Remainder of title | Remuniations of an Old Guard/ |
| Statement of responsibility, etc | V.K. Saraf |
| 260 ## - PUBLICATION, DISTRIBUTION, ETC. (IMPRINT) | |
| Place of publication, distribution, etc | Maharashtra |
| Name of publisher, distributor, etc | Vishwakarma Publications |
| Date of publication, distribution, etc | 2021 |
| 270 ## - ADDRESS | |
| Address | 34A/1, Suyog Center, 7th Floor, Gultekadi Marketyard Road, Giridhar Bhavan Chowk |
| City | Pune |
| Postal code | 411037 |
| Electronic mail address | info@vpindia.co.in |
| 300 ## - PHYSICAL DESCRIPTION | |
| Extent | 232p. |
| Dimensions | 22cm(pbk) |
| 942 ## - ADDED ENTRY ELEMENTS (KOHA) | |
| Source of classification or shelving scheme | Dewey Decimal Classification |
| Item type | English Books |
| Classification part | 363.2 |
| Call number suffix | SAR |
| Withdrawn status | Lost status | Not for loan | Collection code | Home library | Current library | Date acquired | Source of acquisition | Cost, normal purchase price | Full call number | Barcode | Copy number | Cost, replacement price | Koha item type |
|---|---|---|---|---|---|---|---|---|---|---|---|---|---|
| Not For Loan | Non-fiction | D.B.Act.Division | Mobile Library | 21/02/2022 | DBAD/PUB | 299.00 | 363.2 SAR | EN-115238 | 1 | 299.00 | English Books |
